000 00557nam a2200193Ia 4500
005 20250326142041.0
008 250326s9999 xx 000 0 und d
020 _a1-85091-239-4
037 _aTextbook
040 _aFMSL
_beng
_cFMSL
041 _aeng
_2eng
084 _aX9W M6
_qFMSL
100 _aSecretan Lance H K
245 0 _aManagerial maxie: Basic strategy for the corporate trenches
_cSecretan Lance H K
260 _aLondon
_bLondon, Kogan page
_c1986
300 _axii,286
942 _cTB
_hX9W M6
999 _c1293203
_d1293203